Central Library OPAC University of Rajshahi

Study guide for Mortimer's Chemistry / (Record no. 9718)

MARC details
000 -LEADER
fixed length control field 00657nam a22002297a 4500
001 - CONTROL NUMBER
control field 9718
003 - CONTROL NUMBER IDENTIFIER
rucl marc code BD-RjUL
005 - DATE AND TIME OF LATEST TRANSACTION
control field 20211208234826.0
008 - FIXED-LENGTH DATA ELEMENTS--GENERAL INFORMATION
fixed length control field 140121s1983 caua||||| |||| 00| 0 eng d
035 ## - SYSTEM CONTROL NUMBER
System control number (BD-RjUL) 9763
040 ## - CATALOGING SOURCE
Original cataloging agency BD-RjUL
Language of cataloging eng
Transcribing agency BD-RjUL
041 ## - LANGUAGE CODE
Language code of text/sound track or separate title eng
082 ## - DEWEY DECIMAL CLASSIFICATION NUMBER
Classification number 540
Author mark and year SHS 1983
100 ## - MAIN ENTRY--PERSONAL NAME
Personal name Shive, Donald W.
9 (RLIN) 30049
245 ## - TITLE STATEMENT
Title Study guide for Mortimer's Chemistry /
Statement of responsibility, etc. Donald W Shive; Charles E Mortimer.
250 ## - EDITION STATEMENT
Edition statement 5th ed.
260 ## - PUBLICATION, DISTRIBUTION, ETC. (IMPRINT)
Place of publication, distribution, etc. Belmont California :
Name of publisher, distributor, etc. D. Van Nostrand,
Date of publication, distribution, etc. 1983.
300 ## - PHYSICAL DESCRIPTION
Pagination 412 p. :
Illustrations ill. ;
Size 22 cm.
650 ## - SUBJECT ADDED ENTRY--TOPICAL TERM
Topical term or geographic name as entry element Chemistry.
9 (RLIN) 30050
700 ## - ADDED ENTRY--PERSONAL NAME
Personal name Mortimer, Charles E.
942 ## - ADDED ENTRY ELEMENTS (KOHA)
Source of classification or shelving scheme Dewey Decimal Classification
Koha item type Books
Holdings
Lost status Source of classification or shelving scheme Damaged status Not for loan Collection code Permanent Location Current Location Shelving location Date acquired Source of acquisition Cost, normal purchase price Total Checkouts Full call number Date last seen Copy number Koha item type
  Dewey Decimal Classification   Not For Loan Non-fiction Central Library, University of Rajshahi Central Library, University of Rajshahi Reading Room 25/10/1990 Canada 0.00   540 SHS 1983 21/01/2014 C-1 Books